000 00332nam a2200157Ia 4500
100 _aSoman/K.P
942 _cBK
366 _f15
654 _awavelets
245 _aInsight into Wavelets:From theory to practice
260 _bprentice hall
_c2004
082 _a5.746
_bSOM
300 _a293
546 _aENGLISH
999 _c20373
_d20373